000 00628cam a22002053a 4500
001 42000
003 PGUSA
005 20140828083940.0
008 130208s2013||||xxu|||||s|||||000 | eng d
040 _aPGUSA
_beng
042 _adc
100 1 _aEdwards, William Seymour,
_d1856-1915
245 1 0 _aOn the Mexican Highlands :
_bWith a Passing Glimpse of Cuba
_h[electronic resource] /
_cWilliam Seymour Edwards
260 _bProject Gutenberg,
_c2013
506 _aPublic domain in the USA.
516 _aElectronic text
830 0 _aProject Gutenberg
_v42000
856 4 0 _uhttp://www.gutenberg.org/ebooks/42000
942 _cEB
999 _c271252
_d271252